000 00814nam a2200229 a 4500
005 20231115063602.0
008 170901s1998 mx r 000 0 spa d
035 _aUPN01000220092
049 _aI
050 4 _aQH48
_bF4.2 1998
100 1 _aFernández, Catalina
_942874
245 0 0 _aAcordeón /
_cCatalina Fernández ; il. Gerardo Suzán.
250 _a3a ed.
260 _aMéxico :
_bCONAFE,
_c1998.
300 _a5 folletos
505 8 _aContenido:
_g[v.1].
_tLos animales --
_g[v.2].
_tEl cuerpo y su ubicación --
_g[v.3].
_tLas figuras geométricas --
_g[v.4].
_tLas frutas --
_g[v.5].
_tLos sentidos
650 4 _aNaturaleza
_vLiteratura infantil
_921998
650 7 _aLibros ilustrados para niños
_2
_921365
700 1 _aSuzán, Gerardo,
_d1962-
_eil.
_933588
905 _aInfantil
999 _c192191
_d192191